Obálka Náhled e-knihy:
Epub
Pro půjčování e-knih musíte být přihlášeni.
Jak si půjčit online?

Operativec. Břídilové z Kábulu /

Špionážní román volně navazuje na knihu Operativec I. - Pravidlo tří zdrojů, s hlavním hrdinou kapitánem Davidem Prokopem, který je nyní na misi v Afghanistánu.

Uloženo v:
Série:Operativec, část 2
Hlavní autor: Krainer, Eduard, 1971- (Autor)
Médium: E-kniha
Jazyk:Czech
Vydáno: V Brně : Jota, 2024
Vydání:V nakladatelství Jota první vydání
Témata:
Příbuzné jednotky:Z cyklu:: Operativec
Tagy:
Žádné tagy
LEADER 02428nam a2200433 i 4500
001 312495
003 CZ PrSKC
005 20260601215723.0
007 ta
008 240911s2024 xr g 000 f cze d
015 |a cnb003631518 
020 |a 9788076894389  |q (vázáno) 
035 |a (OCoLC)1468021685 
040 |a ABG001  |b cze  |d BOA001  |e rda 
072 7 |a 821.162.3-3  |x Česká próza  |2 Konspekt 
080 |a 821.162.3-31  |2 MRF 
080 |a (0:82-312.4)  |2 MRF 
100 1 |a Krainer, Eduard,  |d 1971-  |7 xx0267626  |4 aut 
245 1 0 |a Operativec.  |p Břídilové z Kábulu /  |c Eduard Krainer 
246 3 0 |a Břídilové z Kábulu 
250 |a V nakladatelství Jota první vydání 
264 1 |a V Brně :  |b Jota,  |c 2024 
300 |a 286 stran ;  |c 22 cm 
336 |a text  |b txt  |2 rdacontent 
337 |a bez média  |b n  |2 rdamedia 
338 |a svazek  |b nc  |2 rdacarrier 
520 2 |a Špionážní román volně navazuje na knihu Operativec I. - Pravidlo tří zdrojů, s hlavním hrdinou kapitánem Davidem Prokopem, který je nyní na misi v Afghanistánu.  |b Ve druhém díle se znovu setkáváme s hlavním hrdinou kapitánem Davidem Prokopem, který je tentokrát jako operativec vojenské zpravodajské služby nasazen v rámci kontingentu sil Armády České republiky v Afghánistánu. Těsně před koncem jeho mise však dojde k únosu českého manželského páru a kapitán Prokop je k tomuto případu okamžitě povolán...Autor v díle opět čerpá z vlastních zkušeností, neboť v rámci svého působení v afghánské misi byl aktivně zapojen do pátrání po dvou Češkách unesených v roce 2013 v Balúčistánu. Nakladatelská anotace. Kráceno. 
655 7 |a české romány  |7 fd133974  |2 czenas 
655 7 |a špionážní romány  |7 fd133920  |2 czenas 
655 7 |a thrillery (romány)  |7 fd184206  |2 czenas 
655 9 |a Czech fiction  |2 eczenas 
655 9 |a spy novels  |2 eczenas 
655 9 |a thrillers (novels)  |2 eczenas 
787 0 8 |i Z cyklu:  |t Operativec  |g 2 
900 |a ABA001  |b 21 
044 |a xr 
910 |a RBIT002 
998 |d 414116  |a https://core.palmknihy.cz/api/books/414116/cover?sjn6e3  |b https://core.palmknihy.cz/api/books/414116/cover/400?sjn6e3  |c https://core.palmknihy.cz/api/books/414116/cover/50?sjn6e3  |e 2033-12-31  |g 288  |i 9788076894389  |j https://core.palmknihy.cz/api/books/414116/preview.epub  |l   |q 49  |r 1  |s https://www.palmknihy.cz/kniha/414116  |t ebook  |y 2024  |z 0  |v Operativec  |w 2 
999 |d 312493